Les élections de Miss nationales - Statistiques

Statistiques générales
  • Ce quiz a été pris 23 fois
    4 depuis la dernière actualisation
  • Le résultat moyen est 103 sur 148
Statistiques - réponses
Année
1ère édition
Pays % Correct
Europe 1928 B Belgique
100%
Europe 1926 D Danemark
100%
Europe 1929 E Espagne
100%
Europe 1923 E Estonie
100%
Europe 1920 F France
100%
Europe 1989 L Lettonie
100%
Europe 1988 L Lituanie
100%
Afrique 1960 S Sénégal
100%
Europe 1926 S Serbie
100%
Europe 1949 S Suède
100%
Afrique 1956 A Afrique-du-Sud
75%
Europe 1991 A Albanie
75%
Afrique 1996 A Algérie
75%
Europe 1927 A Allemagne
75%
Afrique 1997 A Angola
75%
Amérique 1954 A Argentine
75%
Asie 1996 A Arménie
75%
Océanie 1952 A Australie
75%
Europe 1929 A Autriche
75%
Asie/Europe 1996 A Azerbaïdjan
75%
Amérique 1975 B Belize
75%
Afrique 1962 B Bénin
75%
Amérique 1959 B Bolivie
75%
Europe 1996 B Bosnie-Herzégovine
75%
Afrique 1964 B Botswana
75%
Amérique 1954 B Brésil
75%
Europe 1990 B Bulgarie
75%
Amérique 1946 C Canada
75%
Afrique 1997 C Cap-vert
75%
Amérique 1952 C Chili
75%
Asie 1994 C Chine
75%
Europe 1956 C Chypre
75%
Amérique 1934 C Colombie
75%
Afrique 2008 C Congo
75%
Asie 1957 C Corée-du-Sud
75%
Amérique 1955 C Costa Rica
75%
Afrique 1956 C Côte d'Ivoire
75%
Europe 1992 C Croatie
75%
Afrique 1927 E Egypte
75%
Amérique 1955 E Equateur
75%
Amérique 1952 E Etats-Unis
75%
Afrique 2004 E Ethiopie
75%
Europe 1931 F Finlande
75%
Afrique 2001 G Gabon
75%
Asie/Europe 2003 G Géorgie
75%
Afrique 1957 G Ghana
75%
Europe 1929 G Grèce
75%
Amérique 1955 G Guatemala
75%
Afrique 1986 G Guinée
75%
Amérique 1956 G Guyana
75%
Amérique 1960 H Haïti
75%
Amérique 1954 H Honduras
75%
Europe 1929 H Hongrie
75%
Asie 1947 I Inde
75%
Asie 2005 I Indonésie
75%
Asie 1947 I Irak
75%
Europe 1947 I Irlande
75%
Europe 1950 I Islande
75%
Asie 1950 I Israël
75%
Europe 1939 I Italie
75%
Amérique 1930 J Jamaïque
75%
Asie 1950 J Japon
75%
Asie/Europe 1997 K Kazakhstan
75%
Afrique 1960 K Kenya
75%
Asie 1930 L Liban
75%
Afrique 1962 L Liberia
75%
Europe 1988 L Liechtenstein
75%
Europe 1927 L Luxembourg
75%
Europe 1996 M Macédoine
75%
Afrique 1960 M Madagascar
75%
Asie 1962 M Malaisie
75%
Europe 1964 M Malte
75%
Afrique 1956 M Maroc
75%
Afrique 1951 M Maurice
75%
Europe 2006 M Monténégro
75%
Afrique 1980 N Namibie
75%
Amérique 1955 N Nicaragua
75%
Afrique 1957 N Nigeria
75%
Europe 1950 N Norvège
75%
Océanie 1954 N Nouvelle-Zélande
75%
Afrique 1967 O Ouganda
75%
Amérique 1957 P Paraguay
75%
Europe 1952 P Pays-Bas
75%
Amérique 1952 P Pérou
75%
Asie 1964 P Philippines
75%
Europe 1929 P Pologne
75%
Amérique 1952 P Porto Rico {Etats-Unis}
75%
Europe 1959 P Portugal
75%
Afrique 1968 C RD Congo
75%
Amérique 1927 R République dominicaine
75%
Europe 1928 R Royaume-Uni
75%
Asie/Europe 1989 R Russie
75%
Afrique 1993 R Rwanda
75%
Europe 1996 S Saint-Marin
75%
Europe 1993 S Slovaquie
75%
Europe 1990 S Slovénie
75%
Afrique 2010 S Somalie
75%
Afrique 2008 S Soudan-du-Sud
75%
Europe 1951 S Suisse
75%
Amérique 1961 S Suriname
75%
Asie 1965 S Syrie
75%
Afrique 1967 T Tanzanie
75%
Europe 1993 T Tchéquie
75%
Asie 1934 T Thaïlande
75%
Afrique 1956 T Tunisie
75%
Asie 2011 T Turkménistan
75%
Asie/Europe 1929 T Turquie
75%
Europe 1990 U Ukraine
75%
Amérique 1952 V Venezuela
75%
Asie 1988 V Vietnam
75%
Afrique 1995 Z Zambie
75%
Afrique 1980 Z Zimbabwe
75%
Amérique 1977 A Antigua-et-Barbuda
50%
Amérique 1963 B Bahamas
50%
Asie 1994 B Bangladesh
50%
Europe 1998 B Biélorussie
50%
Asie 1959 B Birmanie
50%
Afrique 1960 C Cameroun
50%
Asie 2008 B Bhoutan
50%
Asie 1959 J Jordanie
50%
Asie 2009 K Kirghizistan
50%
Europe 1988 K Kosovo
50%
Afrique 1996 M Malawi
50%
Europe 2000 M Moldavie
50%
Asie 2001 M Mongolie
50%
Asie 1994 N Népal
50%
Asie 2013 O Ouzbékistan
50%
Asie 2003 P Pakistan
50%
Amérique 1952 P Panama
50%
Europe 1928 R Roumanie
50%
Amérique 1975 S Sainte-Lucie
50%
Amérique 1951 S Saint-Vincent-et-les-Grenadines
50%
Amérique 1954 S Salvador
50%
Afrique 1960 S Sierra Leone
50%
Asie 1951 S Singapour
50%
Asie 1956 S Sri Lanka
50%
Asie 1961 T Taïwan
50%
Afrique 2007 T Tchad
50%
Afrique 1995 T Togo
50%
Amérique 1963 T Trinité-et-Tobago
50%
Amérique 1952 U Uruguay
50%
Asie 1972 A Afghanistan
25%
Amérique 1974 B Barbades
25%
Amérique 1952 C Cuba
25%
Amérique 1952 M Mexique
25%
Europe 1953 M Monaco
25%
Asie 2002 T Tibet
25%
Asie 2012 B Bahrein
0%
Aucun quiz correspondant
Distribution des résultats
% des personnes avec chaque résultat
Percentile par nombre de réponses
Votre historique - résultats
Vous n’avez pas pris ce quiz depuis la dernière actualisation